|
|
|
|
| LEADER |
01063ncm a22002892a 4500 |
| 001 |
001105796 |
| 003 |
CZ BrMZK |
| 005 |
20110510131845.0 |
| 007 |
qu |
| 008 |
100714s1981 xr |||||||||||||||||cze d |
| 040 |
|
|
|a BOA001
|b cze
|
| 072 |
|
7 |
|a 784
|x Vokální hudba
|2 Konspekt
|9 9
|
| 100 |
1 |
|
|a Žváček, Antonín,
|d 1907-1981
|7 ola200205277
|4 cmp
|
| 245 |
1 |
0 |
|a Moravanka
|h [hudebnina] :
|c polka / Antonín Žváček ; instr. Jan Přehnal. Vůně chleba / Josef Růžička ; slova Eva Pospíšilová ; instr. autor
|
| 250 |
|
|
|a 1. vyd.
|
| 260 |
|
|
|a Praha :
|b Panton,
|c 1981
|
| 300 |
|
|
|a 14 hlasů
|
| 490 |
1 |
|
|a Dechová hudba. Malé obsazení ;
|v 12
|
| 700 |
1 |
|
|a Přehnal, Jan
|7 mzk2010573431
|4 arr
|
| 700 |
1 |
|
|a Pospíšilová, Eva
|7 mzk2011620170
|4 lyr
|
| 700 |
1 |
|
|a Růžička, Josef,
|d 1938-1996
|7 mzk2005317920
|4 cmp
|
| 740 |
0 |
2 |
|a Vůně chleba
|
| 830 |
|
0 |
|a Dechová hudba.
|p Malé obsazení
|
| 910 |
|
|
|a BOA001
|b Mus3-0860.568
|
| 990 |
|
|
|a MU
|
| 991 |
|
|
|b 201007
|
| 996 |
6 |
|
|b 2619457434
|c Mus3-0860.568
|l MZK
|r Sklad / do 1 hodiny
|n 3
|w 001132796
|u 000010
|a 1
|e BOA001
|j MZK50
|s P
|